000 00770nam a22001937a 4500
999 _c19222
_d19222
003 AR-CdUCM
008 190516b ||||| |||| 00| 0 spa d
040 _aMUNICIPALIDAD PROVINCIAL DEL CUSCO
_cBIBLIOTECA MUNICIPAL DEL CUSCO
082 _22ed.
_a517.38 /
_bM26
100 _aMaravall Casesnoves, Dario.
_940434
245 _aEcuaciones diferenciales y matrices /
260 _aMadrid :
_bDossat,
_c1965.
300 _a412 páginas ,
_c24 cm.
505 _aContenido : Ecuaciones diferenciales -- La transformacion de Laplaca -- Series de Fourier e integral de Foerier -- Los senos de orden N -- Ecuaciones en diferencias finitas ...
650 _aEcuaciones simples.
_940435
650 _aMatemática pura.
_920304
942 _2ddc
_cLIBROS
945 _arum
_d2019-05-16